| 000 | 02028nam2a22002771 4500 | ||
|---|---|---|---|
| 001 | v19\rc\1510560 | ||
| 005 | 20250620074810.0 | ||
| 035 | _a(NLR Aleph) 005233257 | ||
| 090 |
_a5627759 _c5627759 |
||
| 100 | _a20060620d1898 |||y0rusy50 ca | ||
| 101 | 0 | _arus | |
| 102 | _aRU | ||
| 105 | _ay z ||||| | ||
| 200 | 0 |
_a... за 1894 год _fсоставленные Департаментом Железнодорожной отчетности по поручению г. Государственного контролера |
|
| 210 |
_d1898 _aБ. м. |
||
| 215 | _a[4], 337 с. | ||
| 300 | _aОбщ. загл.: Сведения Государственного контроля о железных дорогах... | ||
| 461 | 0 |
_1001v19\rc\1510548 _12001#$aСведения о железных дорогах...$eсоставленные Департаментом Железнодорожной отчетности Государственного контроля по данным эксплоатационных отчетов железных дорог и по другим источникам$v... за 1894 год _95627637 _aРоссия. Государственный контроль _cС.-Петербург _d1885-1915 _nв Государственной типографии _oсоставленные Департаментом Железнодорожной отчетности Государственного контроля по данным эксплоатационных отчетов железных дорог и по другим источникам _tСведения о железных дорогах... _v... за 1894 год |
|
| 517 | 0 | _aСведения Государственного контроля о железных дорогах за 1894 год | |
| 801 | 0 |
_aRU _bNLR _c20060620 _gpsbo |
|
| 801 | 0 |
_aRU _bRuMoRGB _c20060620 _2psbo |
|
| 801 | 1 |
_aRU _bProSoft-M _c20060620 _2rusmarc |
|
| 801 | 2 |
_aRU _bNLR _c20091203 _2rusmarc |
|
| 852 |
_aNLR _j19.63.1.2(5) |
||
| 942 | _cBOOK | ||
| 980 | _aNB | ||